000 00672nam a2200181Ia 4500
008 090124s9999 xx 000 0 und d
082 _b6289
_a974
100 _aवरेरकर भा.वि.(भार्गव विठ्ठल)(मामा)
245 _a उडतीं पाखरे
250 _a2
260 _c1942
300 _a112
600 _aवरेरकर भा.वि.(भार्गव विठ्ठल)(मामा)
630 _a उडतीं पाखरे
700 _aवरेरकर भा.वि.(भार्गव विठ्ठल)(मामा)
730 _a उडतीं पाखरे
942 _cBOOK
999 _c120230
_d120230